000
00346nam a2200145Ia 4500
008
240624s9999 xx 000 0 und d
041
_a
eng
082
_a
658.8 WOO
100
_a
WOODBURN DIANA
245
_a
KEY ACCOUNT MANAGEMENT THE DEFINITIVE GU
250
_a
(3rd Revised)
260
_c
2011
_b
Wiley
300
_a
496 : p.
365
_c
_b
30
999
_c
25348
_d
25348